[Event "Golden Cleopatra op 7th"]
[Site "Cairo"]
[Date "2003.06.02"]
[Round "2"]
[White "Girges, Alfons"]
[Black "Rausis, Igors"]
[Result "1-0"]
[WhiteElo "2212"]
[BlackElo "2533"]
[PlyCount "129"]
[EventDate "2003.06.03"]
[EventType "swiss"]
[EventRounds "10"]
[EventCountry "EGY"]
[SourceTitle "CBM 094 Extra"]
[Source "ChessBase"]
[SourceDate "2003.07.09"]
[SourceVersion "2"]
[SourceVersionDate "2003.07.09"]
[SourceQuality "1"]

1. d4 d5 2. c4 dxc4 3. Nc3 c6 4. a4 e5 5. dxe5 Qxd1+ 6. Kxd1 Be6 7. e4 Na6 8. f4 0-0-0+ 9. Bd2 g6 10. Nf3 Bh6 11. Ke2 Nc5 12. Rb1 f5 13. exf6 Nxf6 14. e5 Nd5 15. Nxd5 Bxd5 16. Be3 Nxa4 17. Kf2 b5 18. g3 Kb7 19. Bh3 Be4 20. Ra1 Rd3 21. Rhd1 Rhd8 22. Rxd3 Bxd3 23. Nd4 Nc5 24. Rxa7+ Kxa7 25. Nxc6+ Ka6 26. Nxd8 Ne4+ 27. Ke1 Bf8 28. Bc8+ Ka5 29. Nc6+ Ka4 30. e6 Kb3 31. Bd4 Kc2 32. e7 Bxe7 33. Nxe7 Nd2 34. Bb7 b4 35. g4 c3 36. bxc3 b3 37. c4 Be4 38. Bxe4+ Nxe4 39. Nd5 Kd3 40. Bb2 Kxc4 41. Nf6 Nc5 42. Ke2 h6 43. Ke3 Nd3 44. Ba3 Kc3 45. Nd5+ Kc2 46. Kd4 Ne1 47. Ne3+ Kd2 48. Ke4 Ke2 49. f5 gxf5+ 50. gxf5 Nf3 51. f6 Ng5+ 52. Kf4 Kd3 53. Nf5 Nf7 54. Ng7 Kd4 55. Kf5 Kd5 56. Kg6 Ne5+ 57. Kxh6 Ke4 58. Bb2 Kf4 59. h3 Nd7 60. f7 Kg3 61. Nh5+ Kxh3 62. Kg7 Kh4 63. Nf6 Nc5 64. Ne4 Nd7 65. Kg8 1-0